书目信息 |
| 题名: |
热血传奇英雄传
|
|
| 作者: | ;上海盛大新华网络发展有限公司 编著 | |
| 分册: | ||
| 出版信息: | 北京 新星出版社 2004.09 |
|
| 页数: | 192页 | |
| 开本: | 21cm | |
| 丛书名: | ||
| 单 册: | ||
| 中图分类: | K818.9 | |
| 科图分类: | ||
| 主题词: | 计算机网络--游戏--名人--列传--世界 | |
| 电子资源: | ||
| ISBN: | 7-80148-669-2 | |
| 000 | 00841nam0 2200229 450 | |
| 001 | 192004003595 | |
| 005 | 20070913101230.68 | |
| 010 | @a7-80148-669-2@dCNY18.60 | |
| 100 | @a20070602d2004 ekmy0chiy0121 ea | |
| 101 | 0 | @achi |
| 102 | @aCN@b110000 | |
| 105 | @aac z 000yy | |
| 200 | 1 | @a热血传奇英雄传@Are xue chuan qi ying xiong zhuan@f上海盛大新华网络发展有限公司编著 |
| 210 | @a北京@c新星出版社@d2004.09 | |
| 215 | @a192页@c图, 肖像@d21cm | |
| 314 | @a责任者取自版权页 | |
| 330 | @a本书主要讲述计算机网络游戏《传奇》中的名人列传,全书的内容有:一、颠峰篇,二、情感篇,三、城主篇,四、争鸣篇等。 | |
| 606 | 0 | @a计算机网络@x游戏@x名人@x列传@y世界 |
| 690 | @aK818.9@v4 | |
| 711 | 02 | @a上海盛大新华网络发展有限公司@Ashang hai sheng da xin hua wang luo fa zhan you xian gong si@4编著 |
| 801 | 0 | @aCN@c20070913 |
| 905 | @dK818.9@eS2252 | |
| 热血传奇英雄传/上海盛大新华网络发展有限公司编著.-北京:新星出版社,2004.09 |
| 192页:图, 肖像;21cm |
| ISBN 7-80148-669-2:CNY18.60 |
| 本书主要讲述计算机网络游戏《传奇》中的名人列传,全书的内容有:一、颠峰篇,二、情感篇,三、城主篇,四、争鸣篇等。 |
| ● |
| 相关链接 |
|
|
|
正题名:热血传奇英雄传
索取号:K818.9/S2252
 
预约/预借
| 序号 | 登录号 | 条形码 | 馆藏地/架位号 | 状态 | 备注 |
| 1 | 621096 | 206210964 | 社科库309/309社科库 44排2列2层/ [索取号:K818.9/S2252] | 在馆 | |
| 2 | 621097 | 206210973 | 社科库309/309社科库 44排2列2层/ [索取号:K818.9/S2252] | 在馆 | |
| 3 | 621098 | 206210982 | 社科库309/309社科库 44排2列2层/ [索取号:K818.9/S2252] | 在馆 |